000 00519cam a2200205ua 4500
001 1587
008 110712n ii |||gr||||Z||||||eng
040 _cMAIN
082 _a336
100 1 _aSachdeva, A. N.,
_eAuthor.
245 1 _apublic finance
_cby A. N. Sachdeva
250 _a1st.
260 _alucknow:
_bPrakashan Kendra.
300 _aii; 590p:
_c23cm.
653 _aEconomics
653 _aPublic economics
700 _aAwasthi, G. D,.,
_eAuthor.
700 _aPapola, Trilok singh,
_eAuthor.
942 _cBK
999 _c1474
_d1474